00414nam a2200121Ia 45000030006000000080041000060400015000471000057000622450088001192600056002075460012002630050017002750STCL150530s9999 xx 000 0 und d aSTCLcSTCL aCouncil of scientific and industrial research; Delhi aWealth of India a dictionary of Indian raw materials and industrial products part-5 bCouncil of scientific and industrial researchc1960 aEnglish20220125170228.0